000
00297nam a22001217a 4500
020
_a
978-81-953219-6-4
082
_a
920/KUM
100
_a
Kumar,Dr Ravinder
_9
83903
245
_a
Builders of modern india K.B. Hedgewar
260
_a
Delhi
_b
Keshav books
_c
2021
650
_a
Biography
942
_c
BK
999
_c
68910
_d
68910